US City Chain Game - Statistics

General Stats
  • This quiz has been taken 39 times
  • The average score is 17 of 23
Answer Stats
New York New York % Correct
Colorado Denver
97%
Michigan Detroit
97%
Louisiana New Orleans
91%
Texas Austin
85%
Nebraska Omaha
85%
Florida Orlando
85%
Delaware Dover
82%
Connecticut Hartford
82%
North Carolina Raleigh
82%
Virginia Richmond
82%
California San Francisco
82%
Maine Augusta
76%
Texas El Paso
74%
Maryland Annapolis
71%
Kentucky Louisville
71%
Wisconsin Madison
71%
Oregon Salem
68%
Washington Tacoma
62%
Pennsylvania Erie
59%
California Los Angeles
56%
California Oakland
50%
Minnesota Saint Paul
47%
Montana Kalispell
26%
No matching quizzes found
Score Distribution
Percent of People with Each Score
Percentile by Number Answered
Your Score History
You have not taken this quiz